00313 2200145 4500245003500000250001100035100001700046650001600063650001400079005001900093260001800112041001400130084001400144336000900158 aVegetablescRika AlrizkihText aCet. 1 aRika Alrizki aKarya Siswa aScrapbook a20250526100858 aJakartac2025 aIndonesia a081 RIK v atext